|
|
|
|
| LEADER |
01155njm a2200301 a 4500 |
| 001 |
000408963 |
| 003 |
CZ BrMZK |
| 005 |
19950101143423.0 |
| 008 |
950101s1994 xr f eng d |
| 028 |
0 |
3 |
|a L1 0116-4 131
|b Gramofonové závody
|
| 040 |
|
|
|a BOA001
|b cze
|
| 080 |
|
|
|a 786.24.085(086.7)
|2 MRF
|
| 100 |
1 |
|
|a Dvořák, Antonín,
|d 1841-1904
|7 jn19981000826
|4 cmp
|
| 245 |
1 |
0 |
|a Slavonic dances
|h [zvukový záznam] /
|c Antonín Dvořák.
|
| 246 |
3 |
3 |
|a Slawische Tänze
|
| 246 |
3 |
3 |
|a Slovanské tance, op. 46 & 72
|
| 260 |
|
|
|a Loděnice :
|b Gramofonové závody,
|c p1987, 1994
|
| 300 |
|
|
|a 1 MC :
|b stereo +
|e 1 slož. list.
|
| 500 |
|
|
|a Nahr. 1986
|
| 500 |
|
|
|a Durata neuv
|
| 511 |
0 |
|
|a Marián Lapšanský, klavír; Peter Toperczer, klavír.
|
| 653 |
0 |
|
|a klavírní stylizované tance
|a čtyřruční klavír
|
| 700 |
1 |
|
|a Lapšanský, Marián,
|d 1947-
|7 jn19990209470
|4 prf
|
| 700 |
1 |
|
|a Toperczer, Peter,
|d 1944-2010
|7 jn20000402382
|4 prf
|
| 910 |
|
|
|a BOA001
|b KZ-0003.607
|
| 964 |
|
|
|a Klavír čtyřruční
|x tance stylizované
|x MC
|
| 990 |
|
|
|a AV
|
| 996 |
6 |
|
|b 261H003643
|c KZ-0003.607
|l MZK
|r Sklad / do 24 hodin
|n 0
|w 000408963
|u 000010
|a 1
|e BOA001
|j MZK50
|s P
|